000 00302nam a2200133Ia 4500
100 _aRuoff/Arthur L
942 _cBK
654 _aMaterials Science
245 _aIntrd. to Materials Science
260 _bprentice hall
_aNew Jersey
_c1972
082 _a620.1
_bRUO
546 _aENGLISH
999 _c31492
_d31492